000 00364nam a2200145 i 4500
001 bg
100 1 _aPlatkow, Antoni
_d(?-2005).
245 1 0 _aMówimy po francusku /
_cA. Platkow, M. Jaworowski.
260 _aWarszawa,
_c1985.
700 1 _aJaworowski, Mieczysław.
040 _cBPK
041 _apol
942 _cKS
008 s pl f |000 0 pol
999 _c2453
_d2453
856 _uhttp://koha.tu.koszalin.pl/cgi-bin/koha/opac-detail.pl?biblionumber=2453
_yKatalog online BPK